Koncepcia produkcie a zdravia teliat v okrese Rimavská Sobota na obdobie 8. päťročnice s výhľadom do roku 2000

Bibliographic Details
Main Authors: Hlinka, Dušan, 1940- (Author), Čisár, Ladislav (Author)
Format: Article
Language:Slovak
Subjects:

MARC

LEADER 00000nab a2200000 a 4500
001 vtls000343681
003 SK-MaSNL
005 20260304015502.0
008 220422c1988 xo 0 slo
015 |a SNBRA19rr/mm-uuuuu 
035 |a CL0343803 
040 |a SNKBUCL  |b slo  |c SNKBUCL  |e AACR2 
041 0 |a slo 
044 |a xo  |c SK 
080 |a 636.22/.28.053.09:619  |2 1981 
080 |a 619  |2 1981 
100 1 |a Hlinka, Dušan,  |d 1940-  |4 aut  |9 5775 
245 1 0 |a Koncepcia produkcie a zdravia teliat v okrese Rimavská Sobota na obdobie 8. päťročnice s výhľadom do roku 2000  |c Dušan Hlinka, Ladislav Čisár 
650 0 7 |a teľatá  |2 snkbucl  |9 2830 
651 7 |a 5309  |2 snkbucl  |9 279317 
655 7 |a články zo zborníkov  |2 snkbucl  |9 166140 
700 1 |a Čisár, Ladislav  |4 aut  |9 986603 
773 0 |t Zdravie a produkcia teliat v priemyselných podmienkach chovu  |d Bratislava : Ústav veterinárnych informácií a osvety, 1988 
850 |a Slovenská národná knižnica v Martine  |a MTA001 
852 |a SNK  |b KIS3GCP 
958 |a RK 
958 |a ME 
992 |a RZB 
999 |c 2591921  |d 2593851